000 00425nam a2200157Ia 4500
003 OSt
005 20230525142541.0
008 211028s2010 xx 000 0 und d
040 _cAIMIT LIBRARY
041 _aeng
100 _aParakkat, Rahul; Maheshwari, Uma.
_g81815
_99130
110 _aUma Maheshwari
_99131
245 _aBio-strumenti: a website for Perl and Bioperl.
260 _aMangalore
_c2010
942 _2ddc
_cPRO
999 _c220228
_d220228